Das Staatsrecht des Herzogthums Anhalt ...
Saved in:
| Main Author: | |
|---|---|
| Format: | Book Chapter |
| Language: | German |
| Series: | Handbuch des öffentlichen Rechts ;
3. Bd., 2. Halbbd., 1. Abt.. |
| Subjects: | |
| Tags: |
Add Tag
No Tags, Be the first to tag this record!
|
| LEADER | 00906naa a2200229I 4500 | ||
|---|---|---|---|
| 001 | 005359352-9 | ||
| 005 | 20020606095253.2 | ||
| 008 | 920914s1884 gw b 000 0 ger d | ||
| 035 | 0 | |a ocm26597846 | |
| 040 | |a CUY |c CUY |d HVL | ||
| 043 | |a e-gw--- | ||
| 090 | |a JF13 |b .H3 v.3:2:1:3 | ||
| 100 | 1 | |a Pietscher, A. | |
| 245 | 0 | 4 | |a Das Staatsrecht des Herzogthums Anhalt ... |
| 490 | 1 | |a Handbuch des öffentlichen Rechts ; |v 3. Bd., 2. Halbbd., 1. Abt. | |
| 504 | |a Includes bibliographical references. | ||
| 651 | 0 | |a Anhalt (Germany) |x Politics and government. | |
| 650 | 0 | |a Constitutional law |z Germany |z Anhalt. | |
| 773 | 0 | |7 p1am |a Büsing, Otto and others |p Das Staatsrecht von Meckenburg-Schwerin, Mechlenburg-Strelitz, Oldenburg [etc.]. |d Freiburg i.B. [etc.] 1884. |g p.135-148, 26 cm. |w (OCoLC)23882191 | |
| 830 | 0 | |a Handbuch des öffentlichen Rechts ; |v 3. Bd., 2. Halbbd., 1. Abt.. | |
| 988 | |a 20020608 | ||
| 906 | |0 OCLC | ||


